Effects of electric fields on large animals : a feasibility study /

Bibliographic Details
Corporate Authors: Pacific Northwest Laboratory, Electric Power Research Institute
Other Authors: Phillips, Richard D., 1929-
Format: Book
Language:English
Published: Palo Alto, Calif. : Electric Power Research Institute, 1976.
Subjects:

MARC

Tag First Indicator Second Indicator Subfields
LEADER 00000cam a2200000 a 4500
001 in00001290184
005 20151004093752.0
008 911011s1976 caua bt 000 0 eng d
035 |a (OCoLC)24534701 
035 |9 AGZ8641AM 
040 |a KUI  |c KUI  |d TXA  |d UtOrBLW 
049 |a TXAM 
088 |a RP581-1 
088 |a EPRI EC-131 
090 |a QC665.E4  |b E34 1976 
245 0 0 |a Effects of electric fields on large animals :  |b a feasibility study /  |c prepared by Battelle Pacific Northwest Laboratories ; principal investigators, Richard D. Phillips [and others]. 
264 1 |a Palo Alto, Calif. :  |b Electric Power Research Institute,  |c 1976. 
300 |a 1 volume(various pagings) :  |b illustrations ;  |c 28 cm. 
336 |a text  |b txt  |2 rdacontent 
337 |a unmediated  |b n  |2 rdamedia 
338 |a volume  |b nc  |2 rdacarrier 
504 |a Includes bibliographical references. 
513 |a Final report.  |b February 1976. 
500 |a "Research project 581-1." 
650 0 |a Electromagnetism  |x Physiological effect. 
650 0 |a Swine as laboratory animals. 
700 1 |a Phillips, Richard D.,  |d 1929- 
710 2 |a Pacific Northwest Laboratory. 
710 2 |a Electric Power Research Institute. 
999 |a MARS 
999 f f |s 7b153a0a-7be4-349b-a6af-3ad21e1c4510  |i fa5faeb4-8978-3962-8748-f1a271ca5404  |t 0 
952 f f |p ric  |a Texas A&M University  |b Rellis Campus  |c Joint Library Facility  |d Remote Storage  |t 0  |e QC665.E4 E34 1976  |h Library of Congress classification  |i unmediated -- volume  |m A14819945557 
998 f f |a QC665.E4 E34 1976  |t 0  |l Remote Storage